| 000 | 00714nac a22002411i 4500 | ||
|---|---|---|---|
| 003 | EG-ScBUE | ||
| 005 | 20241023091559.0 | ||
| 008 | 241023t1961 nyu f 000 0 eng d | ||
| 035 | _a(OCoLC)372855 | ||
| 040 |
_aEG-ScBUE _beng _erda _cEG-ScBUE _dEG-ScBUE |
||
| 082 | 0 | 4 |
_a517.39 _bBOI _222 |
| 100 | 1 |
_aBois, G. Petit, _eauthor. |
|
| 245 | 1 | 0 |
_aTables of indefinite integrals / _cby G. Petit Bois. |
| 264 | 1 |
_aNew York : _bDover Publications, _c[1961] |
|
| 264 | 4 | _cc1961 | |
| 300 |
_a151 pages ; _c24 cm |
||
| 336 |
_2rdacontent _atext _btxt |
||
| 337 |
_aunmediated _2rdamedia _bn |
||
| 338 |
_avolume _bnc _2rdacarrier |
||
| 650 | 7 |
_aIntegrals. _2BUEsh |
|
| 655 | _vReading book | ||
| 942 |
_cBB _2ddc |
||
| 999 |
_c4713 _d4713 |
||